<?xml version="1.0" encoding="UTF-8"?>
<collection xmlns="http://www.loc.gov/MARC21/slim">
<record>
  <controlfield tag="001">253199</controlfield>
  <controlfield tag="005">20240928175049.0</controlfield>
  <datafield tag="035" ind1=" " ind2=" ">
    <subfield code="a">G:(GEPRIS)277031791</subfield>
  </datafield>
  <datafield tag="024" ind1="7" ind2=" ">
    <subfield code="a">G:(GEPRIS)277031791</subfield>
    <subfield code="d">277031791</subfield>
  </datafield>
  <datafield tag="040" ind1=" " ind2=" ">
    <subfield code="a">GEPRIS</subfield>
    <subfield code="c">http://gepris.its.kfa-juelich.de</subfield>
  </datafield>
  <datafield tag="150" ind1=" " ind2=" ">
    <subfield code="a">Regulation von ROP vermittelten Signaltransduktion während Zellteilung und Zellstreckung mittels eine kleine ROPGAP Unterfamilie</subfield>
    <subfield code="y">2015 - 2024</subfield>
  </datafield>
  <datafield tag="371" ind1=" " ind2=" ">
    <subfield code="a">Dr. Sabine Müller</subfield>
  </datafield>
  <datafield tag="450" ind1=" " ind2=" ">
    <subfield code="a">DFG project G:(GEPRIS)277031791</subfield>
    <subfield code="w">d</subfield>
    <subfield code="y">2015 - 2024</subfield>
  </datafield>
  <datafield tag="510" ind1="1" ind2=" ">
    <subfield code="a">Deutsche Forschungsgemeinschaft</subfield>
    <subfield code="0">I:(DE-588b)2007744-0</subfield>
    <subfield code="b">DFG</subfield>
  </datafield>
  <datafield tag="680" ind1=" " ind2=" ">
    <subfield code="a">Die Etablierung von Zellpolarität, also die ungleiche Verteilung von Zellinhalt, ist eine wichtige Voraussetzung für die Zellmorphogenese. Zellpolarität ist genetisch kontrolliert und erfordert Koordination auf der Zell-, Gewebe und Organ-Ebene, um die stereotype Reproduktion von funktionellen Pflanzenorganen zu ermöglichen. Die evolutionär konservierte Familie der Rho of plant (ROP) kleinen GTPasen dient als molekulare Schalter und koordiniert die Signalvermittlung um die räumlich-zeitlich korrekte Verteilung von Zellkomponenten zu erreichen. Regulatorische Proteine ermöglichen das Schalten zwischen Aktivität und Inaktivität der kleinen Rho-GTPasen. Die Guaninaustauchfaktoren (RopGEF), tauschen Guanosin-Diphophat (GDP) gegen Guanosin-Triphosphat (GTP) um ROPs zu aktivieren. Im Gegensatz dazu beschleunigen die GTPase Aktivierenden Protein (RopGAP) die intrinsische aber langsame GTP-Hydrolyse der ROPs und inaktivieren so ihre Ziel-ROPs. Über die Regulation der ROP-Inaktivierung ist wenig bekannt. Unsere eigenen Vorarbeiten an ROP-Inaktivierung durch PHGAP Proteine, eine Unterfamilie von RopGAP, zeigt deren Funktion während der Zellteilung. Die PHGAPs befinden sich an der Plasmamembran und an der Zellteilungsebene, an der sie mittels des Motorproteins Kinesin-12 POK erhalten bleiben. Wir vermuten dass PHGAPs durch die Inaktivierung eines spezifischen ROPs an der Zellteilungsebene eine korrekte Zellteilung ermöglichen. Wir werden die Regulation und Dynamik von PHGAPs an der Zellteilungseben weiter untersuchen. Weiters werden wir klären welche ROPs von PHGAPs spezifisch inaktiviert werden und wir werden bisher unbekannte Interaktionspartner der PHGAP identifizieren um die Regulation der PHGAPs besser zu verstehen. Schließlich werden wir Rekonstitutions-Assays etablieren, um so funktionelle ROP-Signalvermittlung erzeugen und ihre räumlich-zeitliche Regulation zu untersuchen.</subfield>
  </datafield>
  <datafield tag="909" ind1="C" ind2="O">
    <subfield code="o">oai:juser.fz-juelich.de:919801</subfield>
    <subfield code="p">authority:GRANT</subfield>
    <subfield code="p">authority</subfield>
  </datafield>
  <datafield tag="980" ind1=" " ind2=" ">
    <subfield code="a">G</subfield>
  </datafield>
  <datafield tag="980" ind1=" " ind2=" ">
    <subfield code="a">AUTHORITY</subfield>
  </datafield>
  <datafield tag="909" ind1="C" ind2="O">
    <subfield code="o">oai:juser.fz-juelich.de:919801</subfield>
  </datafield>
</record>
</collection>